| 000 | 01280cam a2200349 i 4500 | ||
|---|---|---|---|
| 001 | 22149709 | ||
| 003 | DLC | ||
| 005 | 20260525160924.0 | ||
| 007 | t| | ||
| 008 | 190515t20192019ii 000 0 eng d | ||
| 010 | _a 2020340633 | ||
| 020 | _a9780670092260 (hbk.) | ||
| 025 | _aI-E-2020340633 | ||
| 035 | _a(OCoLC)1101406918 | ||
| 037 | _bLibrary of Congress -- New Delhi Overseas Office | ||
| 040 |
_aSINUS _beng _erda _cSINUS _dOCLCO _dOCLCF _dCUY _dDLC _dDLC-MRC _dDLC |
||
| 042 |
_alccopycat _alcode |
||
| 043 |
_aa-ii--- _0http://id.loc.gov/vocabulary/geographicAreas/a-ii |
||
| 082 | _2324.6 ROY | ||
| 100 | 1 | _aRoy, Prannoy | |
| 245 | 1 | 4 |
_aThe Verdict : _bdecoding India's elections / _cby Prannoy Roy and Dorab R. Sopariwala. |
| 264 | 1 |
_aHaryana : _bVintage Books, _c2019. |
|
| 264 | 4 | _c©2019 | |
| 300 |
_ax, 289 p. ; _billu ; _c25 cm |
||
| 365 | _bRs. 549 | ||
| 505 | _aPart I Turning on India ‘s Elections ; Part II How to forecast India’s Elections; Part III How to make own forecasts; Part IV Divide and rules; Part V canulation. | ||
| 650 | 0 |
_aElections _zIndia |
|
| 700 | 1 | _aSopariwala, Dorab R. | |
| 906 |
_a7 _bcbc _ccopycat _d3 _encip _f20 _gy-gencatlg |
||
| 942 |
_2ddc _cBK |
||
| 999 |
_c113242 _d113242 |
||